00657nam a22002057a 450000500170000001000150001702000260003202000230005803500130008103700130009408200130010710000280012024500870014826000380023527000490027330000330032250000500035565000260040570000200043120130627151126.0 aENG-107756 a9781259097096c650.00 a1259097099c650.00 aEN-91289 bDBAD/PUB a332.6457 aSundaram, Rangarajan K. aDerivatives :cby Rangarajan K. Sundaram, Sanjiv R. Dasbprinciples and practice / bTata McGraw Hillc2013aNew Delhi aP-24, Green Park ExtnsionbNew Delhie110016 axxi, 900p.c24cm(pbk)bill.  aIncludes bibliographical references and index aDerivative securities aDas, Sanjiv R.